[Event "EU-ch Rapid"]
[Site "Katowice"]
[Date "2022.12.17"]
[Round "1"]
[White "Maltsevskaya, Aleksandra"]
[Black "Wojtacha, Krzysztof"]
[Result "1-0"]
[WhiteElo "2400"]
[BlackElo "1551"]
[PlyCount "91"]
[EventDate "2022.12.17"]
[EventType "swiss (rapid)"]
[EventRounds "11"]
[EventCountry "POL"]
[SourceTitle "CBM 211 Extra"]
[Source "ChessBase"]
[SourceDate "2023.01.31"]
[SourceVersion "1"]
[SourceVersionDate "2023.01.31"]
[SourceQuality "1"]

1. e4 c5 2. Nf3 Nc6 3. d4 cxd4 4. Nxd4 Nf6 5. Nc3 e5 6. Ndb5 d6 7. Nd5 Nxd5 8. exd5 Nb8 9. a4 Be7 10. Be2 0-0 11. 0-0 a6 12. Na3 Bf5 13. Nc4 Nd7 14. f4 Be4 15. f5 Nf6 16. Ne3 Rc8 17. a5 Qc7 18. c4 Bd8 19. b4 Nd7 20. Qe1 Bg5 21. Ng4 Bxc1 22. Rxc1 Qd8 23. Rc3 Qg5 24. h4 Qd8 25. Bd1 Bb1 26. Bb3 h5 27. Nh2 e4 28. Qxb1 Qxh4 29. Rh3 Qf6 30. Qxe4 Rce8 31. Qf3 Qd4+ 32. Kh1 g6 33. Ba4 Ne5 34. Qg3 Rc8 35. Rh4 Qb2 36. Nf3 Ng4 37. fxg6 fxg6 38. Bd7 Rxc4 39. Bxg4 hxg4 40. Rxg4 Rc1 41. Rxg6+ Kh7 42. Rxc1 Qxc1+ 43. Kh2 Qb2 44. Rg4 Rf6 45. Rg7+ Kh6 46. Qg5# 1-0

[Event "POL-ch U12"]
[Site "Uniejow"]
[Date "2021.07.23"]
[Round "7"]
[White "Wojtacha, Krzysztof"]
[Black "Durzynski, Jan"]
[Result "1-0"]
[WhiteElo "1443"]
[BlackElo "1228"]
[PlyCount "99"]
[EventDate "2021.07.18"]
[EventType "swiss"]
[EventRounds "9"]
[EventCountry "POL"]
[SourceTitle "EXT 2022"]
[Source "ChessBase"]
[SourceDate "2021.10.06"]
[SourceVersion "1"]
[SourceVersionDate "2021.10.06"]
[SourceQuality "1"]

1. e4 c5 2. Nf3 e6 3. d4 cxd4 4. Nxd4 a6 5. Nc3 Qc7 6. a3 Nf6 7. Be3 Be7 8. f3 0-0 9. Qd2 b5 10. g4 d6 11. 0-0-0 Nc6 12. Nxc6 Qxc6 13. h4 Nd7 14. Kb1 Ne5 15. Rh3 Nc4 16. Qe1 a5 17. Bxc4 bxc4 18. g5 Rd8 19. h5 d5 20. e5 Rb8 21. Ka2 Kf8 22. g6 Qb7 23. Bc1 h6 24. gxf7 Bg5 25. Rd4 Qb6 26. Ne2 Kxf7 27. f4 Be7 28. Qg3 Bf8 29. Qg6+ Ke7 30. Rg3 c3 31. Rxc3 Ba6 32. Rd2 d4 33. Rg3 Rd7 34. f5 Rdb7 35. Qxe6+ Qxe6+ 36. fxe6 Bxe2 37. Rxe2 Kxe6 38. b3 Rb5 39. Rg6+ Ke7 40. Bb2 d3 41. cxd3 Rxb3 42. d4 Rd3 43. Ra6 Rb5 44. e6 Rdb3 45. Ra7+ Kd8 46. a4 Rb8 47. Rxa5 R3b7 48. d5 Ke7 49. Ba3+ Ke8 50. d6 1-0

[Event "POL-ch U12"]
[Site "Uniejow"]
[Date "2021.07.22"]
[Round "6"]
[White "Rosa, Antoni"]
[Black "Wojtacha, Krzysztof"]
[Result "1-0"]
[WhiteElo "1480"]
[BlackElo "1443"]
[PlyCount "93"]
[EventDate "2021.07.18"]
[EventType "swiss"]
[EventRounds "9"]
[EventCountry "POL"]
[SourceTitle "EXT 2022"]
[Source "ChessBase"]
[SourceDate "2021.10.06"]
[SourceVersion "1"]
[SourceVersionDate "2021.10.06"]
[SourceQuality "1"]

1. c4 e5 2. Nc3 Nf6 3. g3 Bb4 4. Bg2 0-0 5. d3 Nc6 6. Bd2 Re8 7. e4 d6 8. Nge2 Be6 9. 0-0 Qd7 10. Bg5 Nh5 11. Nd5 h6 12. Be3 Bxd5 13. cxd5 Ne7 14. Rc1 Nf6 15. f4 exf4 16. Nxf4 Nexd5 17. Nxd5 Nxd5 18. Bxh6 gxh6 19. exd5 Re5 20. Rc4 Ba5 21. Rg4+ Kh7 22. d4 Re7 23. Be4+ Rxe4 24. Rxe4 Rg8 25. Qh5 Rg7 26. Rf6 Bd2 27. Qf5+ Qxf5 28. Rxf5 Kg6 29. Rf2 Bg5 30. h4 f5 31. Re6+ Bf6 32. g4 Rf7 33. Rxf5 Kg7 34. Kg2 Bxd4 35. Rxf7+ Kxf7 36. b3 Bg7 37. Kf3 Bf8 38. Re2 Be7 39. h5 c5 40. Re6 Bf8 41. Kf4 Kg7 42. Kf5 Kf7 43. Rf6+ Ke7 44. Kg6 b5 45. Rf7+ Ke8 46. Rxa7 b4 47. Kf6 1-0

[Event "Ustron op-C"]
[Site "Ustron"]
[Date "2020.08.15"]
[Round "4"]
[White "Wojtacha, Krzysztof"]
[Black "Mroz, Lena"]
[Result "0-1"]
[WhiteElo "1528"]
[BlackElo "1643"]
[PlyCount "68"]
[EventDate "2020.08.15"]
[EventType "swiss"]
[EventRounds "9"]
[EventCountry "POL"]
[SourceTitle "EXT 2021"]
[Source "ChessBase"]
[SourceDate "2020.10.23"]
[SourceVersion "1"]
[SourceVersionDate "2020.10.23"]
[SourceQuality "1"]

1. e4 c5 2. Nf3 d6 3. d4 cxd4 4. Nxd4 Nf6 5. Nc3 a6 6. Bd3 e6 7. 0-0 Nbd7 8. Kh1 Qc7 9. f4 Be7 10. Bd2 0-0 11. Qe1 b5 12. a3 Bb7 13. Qg3 Rac8 14. Rae1 Nb6 15. f5 e5 16. Nb3 Kh8 17. Bg5 Rfd8 18. Qh4 d5 19. exd5 Nbxd5 20. Ne4 Nxe4 21. Bxe4 Bxg5 22. Qxg5 f6 23. Qh4 Nf4 24. c3 Bxe4 25. Rxe4 Qb7 26. Rfe1 Rc4 27. Na5 Qxe4 28. Rxe4 Rxe4 29. h3 Rd1+ 30. Kh2 Re2 31. Qg4 Rdd2 32. Kh1 Rxg2 33. Qf3 Rh2+ 34. Kg1 Rdg2+ 0-1